Tratado del descubrimiento de las Indias : noticias históricas de Nueva España /

Guardado en:
書目詳細資料
主要作者: Suárez de Peralta, Juan (autor)
其他作者: Silva Tena, Teresa (preliminares) (preliminares)
格式: 圖書
語言:西班牙语
出版: México : CONACULTA, 1990, c1990
標簽: 添加標簽
沒有標簽, 成為第一個標記此記錄!

MARC

LEADER 00000nam^a2200000^a^4500
001 000570173
005 20250521000000.0
009 20260310132223.428
020 |a 968-29-2601-7 
037 |a Acervo ITESO - Biblioteca 
041 |a ESP 
091 |a FGM. 04024 
100 |a Suárez de Peralta, Juan  |e (autor) 
245 1 0 |a Tratado del descubrimiento de las Indias :  |b noticias históricas de Nueva España / 
264 4 |a México :  |b CONACULTA,  |c 1990, c1990 
300 |a 275 p. 
336 |a texto  |b txt  |2 rdacontenido 
337 |a sin mediación  |b n  |2 rdamedio 
338 |a volumen  |b nc  |2 rdasoporte 
649 |a XX 
700 |a Silva Tena, Teresa  |e (preliminares) 
910 |a Fondo Efraín González Morfín 
920 |a Impresos - Libros 
930 |a Fondos Especiales 
905 |a 130 
901 |a 0500393563  |b IT2  |c ESL  |i D89997  |u 20250521 
902 |a https://opac.biblio.iteso.mx/vufind/Record/000570173